000 00595nam a2200193Ia 4500
005 20260114185831.0
008 008 260114s9999 xx 000 0 eng d
020 _a9781628928099
037 _aEBOOK
040 _aCRL
_beng
_cCRL
041 _aeng
_2eng
084 _qCRL
100 _aTim Jordan
_9874972
245 0 _aInternet, Society and Culture Communicative Practices Before and After the Internet
260 _bBloomsbury
_c2013
856 _uhttps://doi.org/10.5040/9781628928099?locatt=label:secondary_bloomsburyCollections
942 _cEBOOK
999 _c1473906
_d1473906